| 000 | 00892nam a2200193 i 4500 | ||
|---|---|---|---|
| 001 | 114632 | ||
| 003 | ES-MaACL | ||
| 005 | 20250727021738.0 | ||
| 007 | t| | ||
| 008 | 070315s1928 sp ||||1| spa d | ||
| 245 | 0 | 4 |
_aLas razas humanas _b: su vida, sus costumbres, su historia, su arte / _cprólogo de D. Pedro Bosch Gimpera, director científíco de esta obra. |
| 260 |
_aBarcelona : _bInstituto Gallach, _c[1928] |
||
| 300 |
_a2 v. : _bil. ; _c30 cm. |
||
| 505 | 8 | _aContiene: V. 1. Antropologia. El origen del hombre. La cultura de los pueblos salvajes. Las razas humanas. Los pueblos de Asia. Los pueblos de Oceanía -- v. 2. Los pueblos de América. Los pueblos de Africa. Los pueblos de Europa | |
| 650 | 7 |
_aAntropología cultural y social _2embne _99867 |
|
| 700 | 1 |
_aBosch Gimpera, Pedro. _930657 |
|
| 852 |
_aES-MaACL _jA-2012-13 _bR.12072 |
||
| 999 |
_c114632 _d114632 |
||